|
|
|
|
| LEADER |
00000nsc a2200000 a 4500 |
| 001 |
si12268 |
| 005 |
20230724152737.0 |
| 008 |
016040|1971 ||||||||r|||||||||||spa|| |
| 040 |
|
|
|b spa
|
| 041 |
0 |
|
|a Español
|
| 082 |
0 |
|
|a 868
|
| 100 |
1 |
|
|a Gaos, Vicente
|d 1919-1980
|9 305891
|
| 245 |
|
|
|a Claves de literatura española
|c Vicente Gaos
|h imp
|n tomo 2
|
| 264 |
|
|
|a Madrid
|b Guadarrama
|c 1971
|
| 300 |
|
|
|a 398 páginas:
|c 18 cm
|
| 490 |
|
|
|a Colección Universitaria de Bolsillo
|p Punto Omega
|v no. 138
|
| 504 |
|
|
|a incl. ref.
|
| 505 |
0 |
|
|a SIGLO XX: L españolización de Rubén Darío.-- Los géneros literarios en la obra de Unamuno.-- Pío Baroja, ensayista.-- En torno a un poema de Antonio Machado.-- Notas en torno a Antonio Machado.-- Antonio Machado, educador.-- Juan Ramón Jiménea: su evolución poética.-- Juan Ramón Jiménez, andaluz del oeste, moguereño universal, español recordado.-- La filosofía de Ortega en sus Mocedades.-- El grupo poético de 1927.-- Auscultación de César Vallejo. Tiempo y tiempos en Jorge Manrique y Jorge Guillén.-- Análisis de La casada infiel.--Itinerario poético de Dámaso Alonso.-- La poesía de Dámaso Alonso.-- Fray Luis de León, fuente de Aleixandre.-- Miguel Hernández y su hado.-- Ojeada a un tercio del siglo de literatura española.-- Grandioso don Ramón.-- Indice analítico.-- Indice onomástico.
|
| 600 |
1 |
7 |
|a Alonso, Dámaso.
|d 1898-1990
|9 218102
|
| 653 |
|
|
|a LITERATURA ESPAÑOLA
|
| 650 |
|
|
|a Miguel de unamuno
|9 8246
|
| 650 |
|
|
|a Antonio machado
|9 203986
|
| 650 |
|
|
|a Juan ramon jimenez
|9 203935
|
| 852 |
|
|
|a UC-CDJBV
|c TERCER PISO
|f Donación
|k diana.fajardo
|l 1
|m General
|p 20160404
|q 1.00
|r 8
|t si12268
|b 0
|d CDRC
|e CDRC
|g 868 TERCER PISO
|z 2016-60-40
|
| 856 |
|
|
|a http://sibuc.ucuenca.edu.ec/portada/si12268-cdj.jpg
|
| 942 |
|
|
|
| 999 |
|
|
|c 137058
|d 137058
|